| 000 | 00472nam a2200169Ia 4500 | ||
|---|---|---|---|
| 008 | 230917s9999||||xx |||||||||||||| ||und|| | ||
| 020 | _cGBP63.99 | ||
| 040 |
_e235350 _aMAIN |
||
| 041 | _aEnglish | ||
| 082 | _a621.3028 S15S | ||
| 100 | _aSadiku, Matthew N O | ||
| 245 | 0 | _aSignals and systems: A primer with Matlab ® | |
| 260 |
_aBoca Raton _bCRC Press _c2016 |
||
| 300 | _axv, 421 p. | ||
| 500 | _a2430 19/10/2016 APD16/1041608 19/10/2016 Main Budget | ||
| 942 | _cBK | ||
| 999 |
_c19579 _d19579 |
||